Catalog

Record Details

Catalog Search



Dinner at the center of the earth  Cover Image Book Book

Dinner at the center of the earth / Nathan Englander.

Englander, Nathan, (author.).

Summary:

"The best work yet from the Pulitzer finalist and best-selling author of For the Relief of Unbearable Urges--a political thriller that unfolds in the highly charged territory of the Israeli-Palestinian conflict and pivots on the complex relationship between a secret prisoner and his guard. A prisoner in a secret cell. The guard who has watched over him a dozen years. An American waitress in Paris. A young Palestinian man in Berlin who strikes up an odd friendship with a wealthy Canadian businessman. And The General, Israel's most controversial leader, who lies dying in a hospital, the only man who knows of the prisoner's existence. From these vastly different lives Nathan Englander has woven a powerful, intensely suspenseful portrait of a nation riven by insoluble conflict, even as the lives of its citizens become fatefully and inextricably entwined--a political thriller of the highest order that interrogates the anguished, violent division between Israelis and Palestinians, and dramatizes the immense moral ambiguities haunting both sides. Who is right, who is wrong--who is the guard, who is truly the prisoner? A tour de force from one of America's most acclaimed voices in contemporary fiction"-- Provided by publisher.

Record details

  • ISBN: 9781524732738
  • ISBN: 1524732737
  • Physical Description: 252 pages ; 25 cm
  • Edition: First edition.
  • Publisher: New York : Alfred A. Knopf, ©2017.
Subject: Arab-Israeli conflict > Fiction.
Prisoners of war > Fiction.
Jewish fiction.
Genre: Suspense fiction.
Thrillers (Fiction)
Political fiction.

LDR 02430nam a2200373 i 4500
001144630
003CONS
00520171013132610.0
008170404t20172017nyu 000 f eng
010 . ‡a 2017011795
020 . ‡a9781524732738 ‡q(hardcover)
020 . ‡a1524732737 ‡q(hardcover)
035 . ‡a(CPomAG)LMN601997
042 . ‡apcc
05000. ‡aPS3555.N424 ‡bD56 2017
08200. ‡a813/.6 ‡223
1001 . ‡aEnglander, Nathan, ‡eauthor.
24510. ‡aDinner at the center of the earth / ‡cNathan Englander.
250 . ‡aFirst edition.
264 1. ‡aNew York : ‡bAlfred A. Knopf, ‡c©2017.
300 . ‡a252 pages ; ‡c25 cm
336 . ‡atext ‡btxt ‡2rdacontent
337 . ‡aunmediated ‡bn ‡2rdamedia
338 . ‡avolume ‡bnc ‡2rdacarrier
520 . ‡a"The best work yet from the Pulitzer finalist and best-selling author of For the Relief of Unbearable Urges--a political thriller that unfolds in the highly charged territory of the Israeli-Palestinian conflict and pivots on the complex relationship between a secret prisoner and his guard. A prisoner in a secret cell. The guard who has watched over him a dozen years. An American waitress in Paris. A young Palestinian man in Berlin who strikes up an odd friendship with a wealthy Canadian businessman. And The General, Israel's most controversial leader, who lies dying in a hospital, the only man who knows of the prisoner's existence. From these vastly different lives Nathan Englander has woven a powerful, intensely suspenseful portrait of a nation riven by insoluble conflict, even as the lives of its citizens become fatefully and inextricably entwined--a political thriller of the highest order that interrogates the anguished, violent division between Israelis and Palestinians, and dramatizes the immense moral ambiguities haunting both sides. Who is right, who is wrong--who is the guard, who is truly the prisoner? A tour de force from one of America's most acclaimed voices in contemporary fiction"-- ‡cProvided by publisher.
650 0. ‡aArab-Israeli conflict ‡vFiction.
650 0. ‡aPrisoners of war ‡vFiction.
650 0. ‡aJewish fiction.
655 7. ‡aSuspense fiction. ‡2gsafd
655 7. ‡aThrillers (Fiction) ‡2lcgft
655 7. ‡aPolitical fiction. ‡2lcgft
914 . ‡aSCP_kt
959 . ‡i32269001028003 ‡lYA Eng ‡aYoung Adult - Fiction ‡tYA Fiction ‡g27.00
852 . ‡p32269001028003 ‡jYA Eng ‡gYoung Adult - Fiction ‡cYA Fiction ‡y27.00 ‡bSBPL
901 . ‡a144630 ‡bUnknown ‡c144630 ‡tbiblio

Additional Resources